书目信息 |
| 题名: |
信息社会中的公共图书馆
|
|
| 作者: | 于良芝 | |
| 分册: | ||
| 出版信息: | 北京 北京图书馆出版社 2015.12 |
|
| 页数: | 224页 | |
| 开本: | 20cm | |
| 丛书名: | ||
| 单 册: | ||
| 中图分类: | G258.2 | |
| 科图分类: | ||
| 主题词: | 图书馆学 , 图书馆事业 | |
| 电子资源: | ||
| ISBN: | 7-5013-5675-0 | |
| 000 | 00651nam0 2200217 450 | |
| 001 | 2933 | |
| 005 | 20161207085621.54 | |
| 010 | @a7-5013-5675-0@dCNY70.00 | |
| 100 | @a20150811d2015 km y0chiy0120 ea | |
| 101 | 0 | @achi |
| 102 | @aCN@b110000 | |
| 200 | 1 | @a信息社会中的公共图书馆@Axin xi she hui zhong de gong gong tu shu guan@f于良芝@Fyu liang zhi |
| 210 | @a北京@c北京图书馆出版社@d2015.12 | |
| 215 | @a224页@d20cm | |
| 330 | @a公共图书馆·图书馆服务·研究 | |
| 606 | 0 | @a图书馆学 |
| 606 | 0 | @a图书馆事业 |
| 690 | @aG258.2@v4 | |
| 701 | 0 | @a于良芝@Ayu liang zhi |
| 801 | 0 | @aCN@b大连网信软件有限公司图书馆·11@c20161207 |
| 905 | @aZUCC@dG258.2@e36 | |
| 信息社会中的公共图书馆/于良芝.-北京:北京图书馆出版社,2015.12 |
| 224页;20cm |
| ISBN 7-5013-5675-0:CNY70.00 |
| 公共图书馆·图书馆服务·研究 |
| ● |
| 相关链接 |
|
|
|
|
正题名:信息社会中的公共图书馆
索取号:G258.2/36
 
预约/预借
| 序号 | 登录号 | 条形码 | 馆藏地/架位号 | 状态 | 备注 |
| 1 | 912670 | 209126701 | 第一样本阅览室/ [索取号:G258.2/36] | 在馆 | |
| 2 | 912671 | 209126710 | 第四借阅区/ [索取号:G258.2/36] | 在馆 | |
| 3 | 912672 | 209126729 | 第四借阅区/ [索取号:G258.2/36] | 在馆 | |
| 4 | 912673 | 209126738 | 第四借阅区/ [索取号:G258.2/36] | 在馆 |